00444nam a2200145Ia 4500003000400000008004100004040001600045082001600061100002700077245011000104260005600214300000800270650001100278650000900289GCL140319s9999 xx 000 0 eng d aGCL / cGCL04a320.12bA K1 aALGHUNAIM, ABDULLAH Y.10aKIUWAIT - IRAQ BOUNDARY DEMOCRATION: HISITORICAL RIGHTS AND INTERNATIONAL WILL / cALGHUNAIM, ABDULLAH Y. a[S.N] : bCENTER FOR RESEARCH AND STUDIES ، c1994 a22704aKUWAIT04aIRAQ